Countries by GDP (nominal) per capita - Statistics

General Stats
  • This quiz has been taken 87 times
  • The average score is 44 of 50
Answer Stats
GDP/capita (US$) Country % Correct
52,400 United States of America
100%
49,300 Finland
97%
38,500 Japan
97%
103,600 Norway
97%
60,600 Sweden
97%
42,400 United Kingdom
97%
52,300 Canada
96%
113,400 Luxembourg
96%
21,400 Portugal
96%
26,000 Saudi Arabia
96%
28,900 Spain
96%
84,900 Switzerland
96%
65,600 Australia
95%
50,400 Austria
95%
47,300 Belgium
95%
50,200 Ireland
95%
173,400 Monaco
95%
50,900 Netherlands
95%
54,600 Singapore
95%
41,000 Andorra
93%
59,900 Denmark
93%
42,000 New Zealand
93%
93,400 Qatar
93%
26,500 South Korea
93%
42,300 France
92%
21,700 Greece
92%
152,900 Liechtenstein
92%
57,300 San Marino
92%
43,000 United Arab Emirates
92%
45,100 Germany
91%
37,700 Israel
91%
46,600 Iceland
89%
35,200 Italy
89%
23,200 Slovenia
89%
24,700 Bahrain
88%
52,200 Kuwait
87%
19,300 Estonia
86%
21,900 Oman
86%
19,500 Czech Republic
84%
17,600 Slovakia
84%
15,400 Lithuania
82%
22,200 Malta
79%
38,600 Brunei
76%
15,700 Chile
76%
25,200 Cyprus
75%
22,300 Bahamas
64%
16,400 Uruguay
59%
15,600 Seychelles
51%
18,200 Trinidad and Tobago
43%
24,500 Equatorial Guinea
41%
No matching quizzes found
Score Distribution
Percent of People with Each Score
Percentile by Number Answered
Your Score History
You have not taken this quiz